000 00353pam a2200157a 44500
008 230515b2004 xxu||||| |||| 00| 0 eng d
020 _aNULL
041 _aENG
082 _a611
100 _aB D chaurasia
245 _aB D Chaurasias Human Anatomy vol 2
250 _a0
260 _aNULL
_b"C B S, nd, "
_c2004
300 _a430
650 _aNULL
999 _c523538
_d523538